000 00588nam a22001817a 4500
003 UA-OsUOA
001 15554
007 ta
008 20031117b un ||||| |||| 00| 0 ukr d
100 _aЗахарова В.
942 _cSA
040 _aUA-OsUOA
_cUA-OsUOA
_dUA-OsUOA
245 _aКазкове морозиво від "Марінель": [Продукція Рівнен. торг. марки "Марінель"]
300 _aС.7
955 _a0
773 0 _w0
_tІмідж
_dРівне
_d2003
_g№11/черв./
650 7 _aКраєзнавча робота
_2UDC
999 _c301719
_d301719